000 01073nam0a22003131 4500
001 rc\4476244
005 20250612093650.0
021 _aRU
_b[64-104821]
035 _a(NLR Aleph) 008599353
090 _a8693992
_c8693992
100 _a20130416d1964 |||y0rusy50 ca
101 1 _arus
_ceng
102 _aRU
105 _aa z |||||
200 1 _aОрганическая химия
_fПер. с англ. М.А. Виноградовой
_gПод ред. акад. А.Н. Несмеянова
210 _aМосква
_cБ. и.
_d1964
215 _a714 с., 1 л. ил.
_cил.
_d27
300 _aДоп. тит. л.: Organic chemistry. Donald J. Cram, Georg S. Hammond
513 0 _aOrganic chemistry
606 _aОрганическая химия
_2psbo
700 1 _aКрам
_bД.Дж.
_gДональд Дж.
701 1 _aХэммонд
_bДж.
702 1 _aВиноградова
_bМ.А.
_4730
702 1 _aНесмеянов
_bА.Н.
_4340
801 0 _aRU
_bNLR
_gpsbo
801 1 _aRU
_bELAR
_2rusmarc
852 _aNLR
_j65-7/168
942 _cBOOK
980 _aNB